00531nam a22001577a 4500020001800000082001800018100002100036245005300057260003400110300002300144650001800167700001900185942000700204999001700211952014500228 a9780141028507 a956.70443 RIC aRicks, Thomas E. aFiasco : the American military adventure in Iraq aNew YorkbPenguin Booksc2007 axv, 477p. :e22 cm aUnited States aThomas E.Ricks cBK c11562d11562 001040708NFICaCLbCLcGENd2013-01-24eSaeed Book Bankg780.00l7m1o956.70443 RICpSEECS011946r2023-09-26s2023-07-08w2013-02-07yBK